000 00630nam a22001937a 4500
999 _c193734
_d193734
005 20221114114231.0
010 _aUR-11760
020 _a9789391238292
_c300.00
035 _aU-10315
037 _bDBAD/PUB
_a-
082 _aک
100 _aغزالہ قمر اعجاز
245 _aمجھے بھی :
_b(افسانے) /
_cغزالہ قمر اعجاز
_hا ر د و
246 _aMujhe bhi (Afsane) /
_bby Ghazala Qamar Ejaz
260 _aNew Delhi
_bEducational Publishing House
_c2021 ء
270 _aH.O. D1/16, Ansari Road, Daryaganj
_bNew Delhi
_e110002
300 _a195 ص
_c23cm(Hb)
942 _2ddc
_cUR
_hک
_mغ ز ا